Award - winnng customer service: (Record no. 195074)

MARC details
000 -LEADER
fixed length control field 00598nam a22001817a 4500
005 - DATE AND TIME OF LATEST TRANSACTION
control field 20230216142023.0
010 ## - LCCN (DPL NO)
LC control number ENG-136215
020 ## - INTERNATIONAL STANDARD BOOK NUMBER
International Standard Book Number 9788120342705
Terms of availability 250.00
035 ## - SYSTEM CONTROL NUMBER
System control number EN-119747
037 ## - SOURCE OF ACQUISITION
Source of stock number/acquisition DBAD/PUB
082 ## - DEWEY DECIMAL CLASSIFICATION NUMBER
Classification number 658.812
100 ## - MAIN ENTRY--PERSONAL NAME
Personal name Evenson, Renee
245 ## - TITLE STATEMENT
Title Award - winnng customer service:
Remainder of title 101 way of guarantee great proformance/
Statement of responsibility, etc by Renee evenson
260 ## - PUBLICATION, DISTRIBUTION, ETC. (IMPRINT)
Place of publication, distribution, etc New Delhi
Name of publisher, distributor, etc PHI Learning Private Limited
Date of publication, distribution, etc 2011
270 ## - ADDRESS
Address M-97 , Connaught Circus , New Delhi
City Delhi
Postal code 110001
300 ## - PHYSICAL DESCRIPTION
Extent 232p.
Other physical details Index
Dimensions 22cm(pbk)
942 ## - ADDED ENTRY ELEMENTS (KOHA)
Source of classification or shelving scheme Dewey Decimal Classification
Item type English Books
Classification part 658.812
Call number suffix EVE
Holdings
Withdrawn status Lost status Not for loan Collection code Home library Current library Date acquired Source of acquisition Cost, normal purchase price Full call number Barcode Copy number Cost, replacement price Koha item type
      Non-fiction Ashok Vihar Ashok Vihar 16/02/2023 DBAD/PUB 250.00 658.812 EVE EN-119747 1 250.00 English Books

© Delhi Public Library
Hit Counter
free hit counter